000 00538nam a2200181Ia 4500
003 GCL
008 140319s9999 xx 000 0 ara d
040 _aGCL /
_cGCL
082 0 4 _a001.6424
_bم ك
100 1 _aمظهر طايل
245 1 0 _aموسوعة الكمبيوتر لغة واداء /
_cمظهر طايل
260 _a[S.N] :
_bدار الراتب الجامعية ،
_c1984
300 _aمتعدد
490 _a
650 0 4 _aالموسوعات
650 0 4 _aالحاسبات الالكترونية
942 _2ddc
_cBK
999 _c49584
_d49584